| 000 | 00764cam a2200241 4500 | ||
|---|---|---|---|
| 005 | 20260322212039.0 | ||
| 008 | data | ||
| 010 | _a 73121642 | ||
| 020 | _a0030640458 | ||
| 020 | _a9780030640452 | ||
| 040 |
_aDLC _cDLC _dWaOLN _dWaOLN |
||
| 049 | _aYUSS | ||
| 050 | 0 | 0 |
_aPR6031.O725 _bA6 1971 |
| 090 | _aPR 6031 P855e 1970 | ||
| 100 | 1 |
_aPotter, Stephen, _d1900-1969. |
|
| 245 | 1 | 4 |
_aThe complete upmanship : _bincluding, Gamesmanship, Lifemanship, One-upmanship, Supermanship / _cStephen Potter. |
| 250 | _a[1st ed.] | ||
| 260 |
_aNew York : _bHolt, Rinehart, and Winston, _c[1971, c1970] |
||
| 300 |
_a349 p. _billus. _c24 cm. |
||
| 520 | _aIncluding : Gamesmanship, Lifemanship, One-upmanship, Supermanship. | ||
| 650 | 0 |
_aConduct of life _vHumor. |
|
| 001 | data | ||
| 999 |
_c932 _d932 |
||